| 000 | 00642nam a2200133Ia 4500 | ||
|---|---|---|---|
| 008 | 220620s9999||||xx |||||||||||||| ||und|| | ||
| 020 | _a9782890000000 | ||
| 245 | 0 | _aCurrent Issues in Perceptual Training: Facing the Requirement to Couple Perception, Cognition, and Action in Complex Motor Behavior | |
| 546 | _aEnglish[eng] | ||
| 650 | _aperception-action coupling||sport science||performance||learning||transfer | ||
| 700 | _aKlostermann, André||Mann, David | ||
| 856 | _uhttps://www.frontiersin.org/research-topics/5873/current-issues-in-perceptual-training-facing-the-requirement-to-couple-perception-cognition-and-acti | ||
| 942 | _cEB | ||
| 999 |
_c26501 _d26501 |
||